000 nam a22 7a 4500
999 _c46526
_d46526
003 OSt
005 20190418100518.0
008 190418b xxu||||| |||| 00| 0 eng d
040 _cIIMT UNIVERSITY
100 _aKAPOOR JACK. R
245 _aPERSONAL FINANCE
260 _aNEW DELHI
_bTMH PUB
_c2008
300 _a643
942 _2ddc
_c02
_e2008